000 01328 a2200253 4500
001 63829
005 20260407155938.0
008 260407a1973 arg spa d
003 AR-UNSa-BCEJYS
040 _aAR-UNSa-BCEJYS
_bspa
_cAR-UNSa-BCEJYS
080 _a338.43
_xAgricultura como una rama de la economía. Economía de los productos alimenticios
245 1 0 _aEconomía de la empresa agraria
020 _a978-84-7114-038-8
264 1 _aMadrid :
_bEdiciones Mundi-Prensa
_c1973
300 _a506 p.
_c22 cm.
505 _a1. La contabilidad de la empresa agrícola - 2. Obtención y recogida de los datos técnicos - 3. El análisis comparativo - 4. El análisis de márgenes - 5. Análisis de los costos de producción - 6. El análisis factorial - 7. El análisis aislado de los factores - 8. La decisión en la empresa - 9. Teoría de la producción agrícola - 10. Presupuestos clásicos - 11. Modelos lineales de decisión - 12. Selección de las inversiones - 13. Modelización e incertidumbre - 14. Modelos de programación lineal para empresas de regadío. Problemas específicos y complementos.
041 _aspa
942 _cBK
590 _aniveau_biblio:m niveau_hierar:0
100 1 _aCordonnier, Pierre
700 1 _aCarles, Roland
700 1 _aCastilla Simarro, J.L.
700 1 _aMarsal, Pierre
999 _c8338
_d8338